000 00770nam a2200157Ia 4500
008 231221s9999 xx 000 0 und d
020 _a978-3-642-02121-3
041 _aEnglish
100 _aLora Aroyo, Paolo Traverso, Fabio Ciravegna, Philipp Cimiano, Tom Heath, Eero Hyvönen, Riichiro Mizoguchi, Eyal Oren, Marta Sabou, Elena Simperl
245 4 _aThe Semantic Web: Research and Applications
260 _c2009
_bSpringer US
_aNew York
440 _aLecture Notes in Computer Science
650 _aComputer Science
650 _aInformation Systems Applications (incl.Internet); Computer Communication Networks; Software Engineering; Data Mining and Knowledge Discovery; Information Storage and Retrieval; Artificial Intelligence (incl. Robotics)
942 _cEB
999 _c222932
_d222932